| 000 | 00000nam##2200000za#4500 |
| 001 | 9.639799 |
| 003 | CaOODSP |
| 005 | 20240209132626 |
| 007 | cr ||||||||||| |
| 008 | 150407|1996||||xxc|||||o f|0| 0 fre|d |
| 040 | |aCaOODSP|bfre |
| 043 | |an-cn--- |
| 086 | 1 |aC89-1/3-1996F-PDF |
| 110 | 2 |aAgence de promotion économique du Canada atlantique. |
| 245 | 10|a[État de la petite entreprise et de l'entrepreneuriat dans la région de l'Atlantique, 1996] |h[ressource électronique] |
| 260 | |aMoncton - Nouveau-Brunswick : |bAgence de promotion économique du Canada atlantique |c1996. |
| 300 | |a174p. |
| 500 | |aSommaire: Contexte et introduction.--Expansion du secteur des petites entreprises.--Anatomie de la création d'emplois.--Entreprises exploitées du domicile.--Les francophones et entrepreneuriat. |
| 500 | |aLe n° de catalogue (C89-1/3-1996F) et l'ISBN (0-662-81110-0) de l'édition imprimée ont été incorrectement copiés dans l'édition électronique. |
| 590 | |a12-13-Supp|b2012-04-03 |
| 775 | 08|t[The state of small business and entrepreneurship in Atlantic Canada, 1996] |w(CaOODSP)9.695667 |
| 776 | 0#|tÉtat de la petite entreprise et de l'entrepreneuriat dans la région de l'Atlantique, 1996 / |w(CaOODSP)9.679778 |
| 856 | 40|ahttp://publications.gc.ca|qPDF|s552 Ko|uhttps://publications.gc.ca/collections/Collection/C89-1-3-1996F.pdf |